LEADER 03106oam 2200721I 450 001 996199861903316 005 20200520144314.0 010 $a1-134-74917-1 010 $a1-134-74918-X 010 $a0-203-44169-9 010 $a1-280-31812-0 010 $a0-203-27899-2 024 7 $a10.4324/9780203441695 035 $a(CKB)1000000000250830 035 $a(EBL)166930 035 $a(OCoLC)560415518 035 $a(SSID)ssj0000083142 035 $a(PQKBManifestationID)11125652 035 $a(PQKBTitleCode)TC0000083142 035 $a(PQKBWorkID)10168009 035 $a(PQKB)10932007 035 $a(MiAaPQ)EBC166930 035 $a(Au-PeEL)EBL166930 035 $a(CaPaEBR)ebr10057136 035 $a(CaONFJC)MIL31812 035 $a(OCoLC)52087598 035 $a(EXLCZ)991000000000250830 100 $a20180331d1997 uy 0 101 0 $aeng 135 $aur|n|---||||| 181 $ctxt 182 $cc 183 $acr 200 00$aIn search of Ireland $ea cultural geography /$fedited by Brian Graham 210 1$aLondon ;$aNew York :$cRoutledge,$d1997. 215 $a1 online resource (255 p.) 300 $aDescription based upon print version of record. 311 $a0-415-15008-6 311 $a0-415-15007-8 320 $aIncludes bibliographical references and index. 327 $aBook Cover; Title; Contents; List of illustrations; Notes on contributors; Acknowledgements; Preface; IRELAND AND IRISHNESS: PLACE, CULTURE AND IDENTITY; A PLURALITY OF IRELANDS: REGIONS, SOCIETIES AND MENTALITIES; CULTURE, IDENTITY AND TRADITION: CHANGING DEFINITIONS OF IRISHNESS; WRITING IRELAND: LITERATURE AND ART IN THE REPRESENTATION OF IRISH PLACE; CLASS, MATERIALISM AND THE FRACTURING OF TRADITIONAL ALIGNMENTS; EMBODIED IRISHNESS: GENDER, SEXUALITY AND IRISH IDENTITIES; IN SEARCH OF ETHNICITY IN IRELAND; POLITICAL STRUCTURES, SOCIAL INTERACTION AND IDENTITY CHANGE IN NORTHERN IRELAND 327 $aMAKING SPACE: GAELTACHT POLICY AND THE POLITICS OF IDENTITYTHE IMAGINING OF PLACE: REPRESENTATION AND IDENTITY IN CONTEMPORARY IRELAND; TERRITORIAL SOVEREIGNTY AND POLITICAL IDENTITY: NATIONAL PROBLEMS, TRANSNATIONAL SOLUTIONS?; Index 330 $aIn Search of Ireland examines the nature of the political economy and the exercise of power within the context of contemporary cultural geography. 606 $aNational characteristics, Irish 606 $aIrish unification question 607 $aIreland$xHistorical geography 607 $aNorthern Ireland$xHistorical geography 607 $aNorthern Ireland$xSocial conditions 607 $aNorthern Ireland$xCivilization 607 $aIreland$xSocial conditions 607 $aIreland$xCivilization 608 $aElectronic books. 615 0$aNational characteristics, Irish. 615 0$aIrish unification question. 676 $a306/.09415 701 $aGraham$b B. J$g(Brian J.)$0879180 801 0$bMiAaPQ 801 1$bMiAaPQ 801 2$bMiAaPQ 906 $aBOOK 912 $a996199861903316 996 $aIn search of Ireland$91963276 997 $aUNISA LEADER 03009nam 2200373 450 001 9910477335203321 005 20230325102635.0 024 7 $a10.17875/gup2020-1326 035 $a(CKB)4100000011373507 035 $a(NjHacI)994100000011373507 035 $a(EXLCZ)994100000011373507 100 $a20230325d2020 uy 0 101 0 $ager 135 $aur||||||||||| 181 $ctxt$2rdacontent 182 $cc$2rdamedia 183 $acr$2rdacarrier 200 10$a100 Jahre Erziehungswissenschaft an der Georg-August-Universita?t Go?ttingen 1920-2020 /$fChristiana Bers 210 1$aGo?ttingen :$cUniversita?tsverlag Go?ttingen,$d2020. 215 $a1 online resource (122 pages) 225 0 $aErziehungswissenschaftliche Studien 311 $a3-86395-456-4 327 $aVorwort -- 100 Jahre Institutsgeschichte - Expansion und Diversifizierung des Go?ttinger Seminars fu?r Pa?dagogik/Instituts fu?r Erziehungswissenschaft Christiana Bers -- Beobachtung und Gestaltung der "Erziehungswirklichkeit", 1920-2020 - Go?ttinger Pa?dagogik im Kontext der deutschen Erziehungswissenschaft Heinz-Elmar Tenorth -- Namen, Orte, Programme - Vom Pa?dagogischen Seminar zum Institut fu?r Erziehungswissenschaft Daniel Erdmann Klaus-Beter Hom -- Spuren wissenschaftlicher Pa?dagogik an der Georgia Augusta 1766-1803 Katharina Vogel -- Forschung: Von Qualifikationsarbeiten bis zu Drittmittelfo?rderung Katharina -- Lehrveranstaltungen im U?berblick 1920-2020 Jaika Meyer -- Von Nohl bis Lo?ser. Zur Reflexion der Forschungsarbeit zu Professuren und Denominationen Melissa -- Impressionen ehemaliger Mitarbeiterinnen und Studierender Christina Badicke -- Literaturverzeichnis -- Abbildungsverzeichnis. 330 $aIm Jahr 2020 feiert das Institut fu?r Erziehungswissenschaft sein hundertja?hriges Bestehen - 1920 trat Herman Nohl sein Amt als Professor fu?r Pa?dagogik an der Georg-August-Universita?t Go?ttingen an und im Juli 1920 wurde das Pa?dagogische Seminar gegru?ndet. Die gesammelten Beitra?ge sind anla?sslich dieses hundertja?hrigen Jubila?ums entstanden und widmen sich unterschiedlichen Aspekten der Geschichte der Erziehungswissenschaft an der Universita?t Go?ttingen. Neben den beiden Vortra?gen zum Jubila?umsfest am 29. Januar 2020 wird die Geschichte der Pa?dagogik als Lehrfach vor der institutionalisierten Phase betrachtet und die Geschichte des Instituts mit Blick auf die Namen, Orte und Programme dargelegt. Zuletzt werden verschiedene Aspekte der Forschungsarbeit reflexiv in den Blick genommen, indem Fragen zur Datenerhebung sowie zur Darstellbarkeit von Ergebnissen besprochen werden. 606 $aEducation$xHistory 615 0$aEducation$xHistory. 676 $a370.9 700 $aBers$b Christiana$0954640 801 0$bNjHacI 801 1$bNjHacl 906 $aBOOK 912 $a9910477335203321 996 $a100 Jahre Erziehungswissenschaft an der Georg-August-Universita?t Go?ttingen 1920-2020$93085436 997 $aUNINA